000 01176nam a2200289 i 4500
001 189228
003 SpMaBN
005 20250803000243.0
008 190429s2017 sp |||| |dspa d
020 _a978-84-16923-05-2
080 _a821.134.2 Panero, Juan Luis 1.07
245 0 0 _aAbolido esplendor
_b: en torno a la poesía de Juan Luis Panero /
_cJavier Huerta Calvo (ed.).
250 _a1ª ed.
260 _aMadrid :
_bAntígona,
_c2017.
300 _a152 p. ;
_c21 cm.
490 1 _aCrítica ;
_v18
504 _aBibliografía: p. 143-151.
505 8 _aContiene: ;
_tPequeña antología poética de Juan Luis Panero ;
_tBreve noticia de un libro inédito de Juan Luis Panero: "Las visitas de Hieronimus Bosch" /
_rpor Javier Huerta Calvo
600 1 7 _aPanero, Juan Luis.
_988765
700 1 _aHuerta Calvo, Javier
_964560
700 1 _aPanero, Juan Luis.
_988765
830 0 0 _aCrítica
_v18
_9187746
852 _aES-MaACL
_jA-14517
_9196366
_bR.151751
_cDEPO1
_dOlim: N-7517
_gDedicatoria autógrafa del editor literario
_hDonación: Javier Huerta Calvo
903 _964560
_aHuerta Calvo, Javier
_ednr
942 _2udc
_cMONOGRAFIA
999 _c189228
_d189228